| 000 | 00368 a2200157 4500 | ||
|---|---|---|---|
| 001 | 149310 | ||
| 040 | _cEscola São Tomás de Aquino | ||
| 100 | _aALBERGARIA , Lino de | ||
| 240 | 1 | 0 |
_aO livro das estrelas _lpor |
| 245 | 1 | 0 | _aO livro das estrelas |
| 300 | _a56 | ||
| 362 | 0 | _a1997 | |
| 440 | 1 | _aDimensão | |
| 697 | _a*LITERATURA INFANTO JUVENIL | ||
| 942 | _cBK | ||
| 999 |
_c149310 _d149310 |
||